‏‏غبار سفر / (Record no. 189605)

MARC details
000 -LEADER
fixed length control field 00640nam a22001937a 4500
005 - DATE AND TIME OF LATEST TRANSACTION
control field 20220707111238.0
010 ## - LCCN (DPL NO)
LC control number UR-11629
020 ## - INTERNATIONAL STANDARD BOOK NUMBER
International Standard Book Number 9789391238674
Terms of availability 100.00
035 ## - SYSTEM CONTROL NUMBER
System control number U-10184
037 ## - SOURCE OF ACQUISITION
Source of stock number/acquisition DBAD/PUB
Stock number -
082 ## - DEWEY DECIMAL CLASSIFICATION NUMBER
Classification number 270
100 ## - MAIN ENTRY--PERSONAL NAME
Personal name عبد الطیف حید ری
245 ## - TITLE STATEMENT
Title ‏‏غبار سفر /
Statement of responsibility, etc عبد الطیف حید ری
Medium ا ر د و
246 ## - VARYING FORM OF TITLE
Title proper/short title Ghubar-E-Safar /
Remainder of title by Abdul Latif Haidri
260 ## - PUBLICATION, DISTRIBUTION, ETC. (IMPRINT)
Place of publication, distribution, etc New Delhi
Name of publisher, distributor, etc Educational Publishing House
Date of publication, distribution, etc 2021 ء
270 ## - ADDRESS
Address H.o. D1/16, Ansari Road, Daryaganj
City New Delhi
Postal code 110002
300 ## - PHYSICAL DESCRIPTION
Extent 276 ص
Dimensions 22cm(Hb)
942 ## - ADDED ENTRY ELEMENTS (KOHA)
Source of classification or shelving scheme Dewey Decimal Classification
Item type Urdu Bks
Classification part 270
Call number suffix ع ب د
Holdings
Withdrawn status Lost status Not for loan Collection code Home library Current library Date acquired Source of acquisition Cost, normal purchase price Full call number Barcode Copy number Cost, replacement price Koha item type
      Non-fiction Central Library Central Library 07/07/2022 DBAD/PUB 100.00 270 ع ب د U-10184 1 100.00 Urdu Bks

© Delhi Public Library
Hit Counter
free hit counter